| 000 | 00908cam a22003011 4500 | ||
|---|---|---|---|
| 001 | 3629 | ||
| 003 | BD-RjU | ||
| 005 | 20211208233748.0 | ||
| 008 | 131219s1967 ii b 000 0 eng | ||
| 035 | _a(BD-RjUL)3663 | ||
| 040 |
_aDLC _cDLC _dBD-RjUL _beng |
||
| 041 | _aeng | ||
| 082 | 0 | 4 |
_222 _a338.18 _bCHI 1967 |
| 100 | 1 |
_aChakravarti, Ila. _911497 |
|
| 245 | 1 | 0 |
_aInvestment criteria : _bin relation to agricultural development in India / _cIla Chakravarti |
| 250 | _a1st ed. | ||
| 260 |
_aBhagalpur : _c1967. _bIla Chakravarti, |
||
| 300 |
_aii, ii, 196, vi p. ; _c23 cm. |
||
| 350 | _aRs12 | ||
| 502 | _aThesis--Patna University. | ||
| 504 | _aInclude index. | ||
| 650 | 0 |
_aAgriculture and state _zIndia. _99700 |
|
| 650 | 0 |
_aAgriculture _xEconomic aspects _zIndia. _911498 |
|
| 650 | 0 |
_aRural development _zIndia. _95606 |
|
| 942 |
_2ddc _cBK |
||
| 999 |
_c3629 _d3629 |
||